00821 a2200217 4500999001500000010001400015020002300029035001300052037001500065082001700080245010300097260004000200270006500240300002500305500005000330650004000380700001400420700001500434942003600449952011800485 c7871d7871 aENG-88234 a8180694577c600.00 aEN-71767 bDBAD / PUB14a303.482540581 aIndia and Central Asia:cedited by J.N. Roy [and] B.B. Kumarb(classical to contemporary periods)/ aNew DelhibConcept Publishingc2007 aA/15-16, Commercial Block, Mohan Garden,bNew Delhie110 059 ax, 318p.c22cm (Hb) aIncludes bibliographical references and index aCentral CongressesxRelationszAsia aRoy, J.N. aKumar,B.B. adplcEN2ddch303.48254058mIND 001040718NFICaDBADbDBADeDBAD/PUBg600.00l0o303.48254058 INDpEN-71767r2008-09-15 00:00:00t1v600.00yEN